000
00266 a2200121 4500
001
84993
082
_a
372.64 ZUL
090
_c
40085
_d
40084
100
_a
Zulfikar Ghose
245
_a
In the Ring of Pure Light
260
_a
UK
_b
Oxford
_c
2009
300
_a
xiv 154
942
_a
caenust
_k
372.64 ZUL
999
_c
320066
_d
320066